000 00605nam a2200241Ia 4500
001 51317
005 20240114005223.0
007 ta
008 090619s2001 g b000 u 465 u
040 _aCotton College,Assam
041 _a465
082 _a891
_bRAT
100 _aRathi, Giridhar .
245 0 _aSamakalin Bharatiya Sahitya /
_cGirdhar Rathi.
_hTextual Documents
250 _a1st /
260 _aDelhi :
_bSahitya Akademy ,
_c2001.
300 _c24 cm.
653 _aJournals
653 _aBV-Literature
942 _2ddc
_cBK
999 _c51282
_d51282